Google Suggestions - NFL Quarterbacks - Statistics

General Stats
  • This quiz has been taken 18 times
  • The average score is 5 of 11
Answer Stats
Hint Answer % Correct
"Why is Tom Brady the..." Goat
100%
"Did Joe Flacco win..." a Super Bowl
83%
"Is Patrick Mahomes the next..." Tom Brady
83%
"Why is Lamar Jackson so..." Good
67%
"Why is Peyton Manning called..." The Sheriff
50%
"Did Aaron Rogers..." Retire
44%
"What happened between Josh Allen and..." Stefon Diggs
44%
"Why does Tua Tagovailoa throw..." Left Handed
39%
"Did Jalen Hurts win..." a National Championship
6%
"Did Drake Maye play..." Baseball
6%
"Why is Trevor Lawrence..." Struggling
0%
No matching quizzes found
Score Distribution
Percent of People with Each Score
Percentile by Number Answered
Your Score History
You have not taken this quiz